| 000 | 00574nam a22002057a 4500 | ||
|---|---|---|---|
| 003 | OSt | ||
| 005 | 20140310182355.0 | ||
| 008 | 131001t xxu||||| |||| 00| 0 eng d | ||
| 020 | _a1569871221 | ||
| 050 |
_aPZ 8.1 _b.P996 1995 |
||
| 082 |
_aGS 398.22 _bP993 1995 |
||
| 100 |
_aPyle,Howard _94260 |
||
| 245 |
_aThe adventures of Robin Hood / _cretold by mark Taylor. |
||
| 260 |
_aAshland, Ohio : _bLandoll, Inc, _cc1995. |
||
| 300 |
_a248 p. : _bill, ; _c21 cm. |
||
| 541 | _j1 | ||
| 562 | _e1 | ||
| 650 |
_aChildren literature _922312 |
||
| 942 |
_2lcc _cBK-GS |
||
| 999 |
_c12467 _d12467 |
||